zpět

Detail výsledku týmu

U Lucerny ST, Brno

Datum a čas kvízu

23.5 Celkem bodů Celkový počet nahraných bodů na tomto kvízu bez doplňovacích otázek.
11. Pořadí na kvízu Konečné umístění týmu na tomto kvízu.

Zaznamenané odpovědi

# Otázka Odpověď Body Výsledky
1. Který obchodní řetězec minulý... Billa 0
2. Rádio svobodná Evropa/Rádio Sv... v Maďarsku 1
3. V pátek proběhlo slavnostní vy... Vladimír Mišík 1
4. Relativně málo známý Portrét E... Gustav Klimt 1
5. Minulý týden se jeden evropský... FC Barcelona, Camp Nou 1
6. Za půl bodu uveďte název ameri... Bratrstvo neohrožených/Band of Brothers; rota E/Easy Company 0.5
7. Seřaďte následující vojenské h... 1D 2A 3C 4B 0
8. Po půl bodu můžete dostat za u... Karel Kryl; Bratříčku, zavírej vrátka 1
9. Uveďte jméno zobrazeného česko... Alois Eliáš 0
10. Ve kterém satirickém románu vy... Hlava XXII (Catch-22) 1